Homenaje al ... D. Isidro Gomá y Tomás, Cardenal primado de España en el centenario de su nacimiento : 1870 - 1970 / patrocinado por la Excma. Diputación Provincial de Barcelona 1870 - 1970 / patrocinado por la Excma. Diputación Provincial de Barcelona
Descripción Física:
79 p. ; 23 cm
MARC
| LEADER | 00000nam a2200000Ia 4500 | ||
|---|---|---|---|
| 001 | 869 | ||
| 008 | 160829s1971 xx 000 0 cat d | ||
| 080 | |a F-1-41 | ||
| 100 | |a Gomá y Tomás, Isidro |9 24871 | ||
| 245 | |a Homenaje al ... D. Isidro Gomá y Tomás, Cardenal primado de España en el centenario de su nacimiento : |b 1870 - 1970 / patrocinado por la Excma. Diputación Provincial de Barcelona | ||
| 260 | |a Barcelona : |b Diputació. Secció de Premsa, |c 1971 | ||
| 300 | |a 79 p. ; |c 23 cm | ||
| 650 | |a Gomà i Tomàs, Isidre |x Aniversaris, etc. |9 40519 | ||
| 710 | 1 | |a Barcelona (Catalunya : Província). |b Secció de Prensa |9 56531 | |
| 901 | |a Arxiu | ||
| 942 | |n 1 | ||
| 952 | |0 0 |1 0 |4 0 |6 F141 |7 1 |9 43351 |a Arxiu |b Arxiu |d 2016-12-01 |l 0 |o F-1-41 |p 869 |r 2016-12-01 00:00:00 |w 2016-12-01 |y ARXIU | ||
| 999 | |c 45896 |d 45896 | ||